000
00220 a2200097 4500
001
47299
100
_a
Deakin F
245
_a
The Brutal Friendship
260
_a
London
_b
Weidenfeld & Nicolson
_c
090
_c
30338
_d
30338
942
_a
NUST-CAE
_c
M
_c
22601
999
_c
282372
_d
282372